Statistics for Select Tertiary Champions (WWE)

Click here to take the quiz!

General Stats

  • This quiz has been taken 347 times
  • The average score is 58 of 106

Answer Stats

WinsChampions% Correct
1Kane
83%
1Mankind
82%
1Godfather's Ho
81%
2Triple H
80%
3Rey Mysterio
78%
1Christian
76%
1 | 3Jeff Hardy
76%
1Shawn Michaels
76%
1The Undertaker
76%
1Chris Jericho
74%
1Matt Hardy
73%
1 | 2X-Pac
73%
1 | 4Rob Van Dam
72%
1 | 22Crash Holly
71%
6Hardcore Holly
71%
27Raven
70%
4Chavo Guerrero
69%
2Eddie Guerrero
69%
4 | 5William Regal
69%
3Big Show
66%
1 | 18Bradshaw
66%
2Billy Gunn
64%
1Kurt Angle
64%
1Owen Hart
64%
2British Bulldog
62%
4D'Lo Brown
62%
1 | 2Test
62%
1 | 6Al Snow
60%
2Dean Malenko
59%
1Hurricane Helms
59%
1Road Dogg
59%
1Shane McMahon
59%
1Mark Henry
57%
1 | 2Perry Saturn
57%
1Hurricane Helms
56%
9Goldust
55%
3Hurricane Helms
54%
4Big Boss Man
53%
14Tommy Dreamer
53%
1 | 7Spike Dudley
52%
1Viscera
52%
1Mighty Molly
51%
1Val Venis
51%
3Maven
50%
1Taka Michinoku
50%
4Billy Kidman
49%
8Bubba Ray Dudley
49%
1Jeff Jarrett
49%
3Tajiri
49%
2Booker T
48%
6Steve Blackman
48%
3Tazz
48%
1Funaki
47%
21Steven Richards
45%
3Rhyno
43%
1Diamond Dallas Page
42%
1Mideon
41%
1Jamie Noble
39%
1Essa Rios
38%
1Scotty 2 Hotty
38%
2Gerald Brisco
37%
1Gillberg
37%
1Pat Patterson
37%
2K-Kwik
36%
2Pete Gas
36%
1Trish Stratus
36%
2Juventud Guerrera
34%
1Paul London
33%
1Rodney
32%
8Justin Credible
31%
1Mike Awesome
31%
15Shawn Stasiak
31%
1Terri
31%
1Jacqueline
29%
1Joey Abs
29%
1Jerry Lynn
28%
2Nunzio
28%
1Kid Kash
27%
1Thrasher
25%
1Chavo Classic
22%
2Christopher Nowinski
20%
3Johnny Stamboli
18%
1Hornswaggle
12%

Score Distribution

Percentile by Number Answered

Percent of People with Each Score

Your Score History

You have not taken this quiz